| 000 | 01531nam a2200265 a 4500 | ||
|---|---|---|---|
| 001 | 000047486 | ||
| 003 | DO-SdBNP | ||
| 005 | 20230302111052.0 | ||
| 007 | ta | ||
| 008 | 180606s2017 dr r 000 0 spa d | ||
| 020 | _a9789945131949 | ||
| 040 |
_aDO-SdBNP _bspa _cBNPHU |
||
| 082 |
_axxxx _bP349t _222 |
||
| 100 | 1 |
_aPeña Cepeda, Porfirio, _d1948- _975105 |
|
| 245 | 1 | 0 |
_aTraslucir sobre la familia y crianza : _bun libro de consultas y orientaciones desde el embarazo / _cPorfirio Peña Cepeda ; prólogo César Mella. |
| 260 |
_aSanto Domingo : _bMediabyte, _c2017. |
||
| 300 |
_a324 p. ; _c24 cm. |
||
| 500 | _aIncluye datos biografícos del autor en las solapas. | ||
| 504 | _aBibliografía : p. 321-324 | ||
| 505 | 1 |
_tAgradecimientos -- _tpresentación -- _tIntroducción -- _tPrólogo -- _tPreámbulo -- _gOrientación familiar- A -- _tLa sinceridad y la serenidad- La Humildad -- _gOrientación familiar- B -- _tLa riqueza y los ricos- La Responsabilidad -- _gOrientación familiar- C -- _tValores y principios que debe poseer cada padre -- _gCapítulo I -- _tLa familia -- _gCapítulo II -- _tEl embarazo -- _gCapítulo III -- _tLos recién nacídos -- _gCapítulo IV -- _tNiños en proceso de formación, edúcales poco a poco con sumo cuidado hasta los siete (7) meses -- _gCapítulo V -- _tFelicidad, amor y valores -- _gCapítulo VI -- _tCrianza y formación familiar -- _gCapítulo VII -- _tCrianza y educación -- |
|
| 590 | _aInventariado, 2018/ YL | ||
| 700 | 1 |
_aMella, César _eprol. _911674 |
|
| 910 | _aYL | ||
| 942 |
_2ddc _cLBS1 |
||
| 999 |
_c46974 _d46974 |
||